Top 250 Musical Films (IMDB) - Statistics

General Stats
  • This quiz has been taken 199 times
  • The average score is 29 of 260
Answer Stats
Film Year IMDB % Correct
The Sound of Music 1965 8.1
78%
Singin' in the Rain 1952 8.3
75%
West Side Story 1961 7.6
73%
La La Land 2016 8.0
72%
The Lion King 1994 8.5
69%
Mary Poppins 1964 7.8
67%
Snow White and the Seven Dwarfs 1937 7.6
63%
Beauty and the Beast 1991 8.0
61%
Cinderella 1957 7.6
61%
Cinderella 1947 7.5
61%
Cinderella 1950 7.3
61%
Frozen 2013 7.4
61%
The Little Mermaid 1989 7.6
61%
The Wizard of Oz 1939 8.1
61%
Aladdin 1992 8.0
59%
Hair 1979 7.5
54%
Les Misérables 2012 7.5
54%
Hamilton 2020 8.3
53%
Moana 2016 7.6
51%
Moulin Rouge! 2001 7.6
50%
Cabaret 1972 7.8
49%
Mulan 1998 7.6
48%
The Greatest Showman 2017 7.5
46%
Oliver! 1968 7.4
44%
My Fair Lady 1964 7.8
43%
Tangled 2010 7.7
40%
Pinocchio 1940 7.5
39%
A Star is Born 2018 7.6
38%
A Star Is Born 1954 7.5
38%
Oklahoma! 1999 7.8
38%
Fiddler on the Roof 1971 8.0
37%
Bohemian Rhapsody 2018 7.9
35%
Cats 1998 7.3
35%
Coco 2017 8.4
35%
The Jungle Book 1967 7.6
32%
Fantasia 1940 7.7
31%
Rent: Filmed Live on Broadway 2008 8.1
31%
Lady and the Tramp 1955 7.3
30%
Rocketman 2019 7.3
30%
Sweeney Todd: The Demon Barber of Fleet Street 2007 7.3
30%
Tarzan 1999 7.3
30%
The King and I 1956 7.4
30%
Bambi 1942 7.3
29%
Hercules 1997 7.3
29%
Alice in Wonderland 1951 7.4
28%
Funny Girl 1968 7.3
28%
Peter Pan 1953 7.3
27%
Seven Brides for Seven Brothers 1954 7.3
27%
One Hundred and One Dalmatians 1961 7.3
23%
Willy Wonka & the Chocolate Factory 1971 7.8
22%
In the Heights 2021 7.3
21%
Top Hat 1935 7.7
21%
Meet Me in St. Louis 1944 7.5
20%
The Music Man 1962 7.8
20%
The Nightmare Before Christmas 1993 7.9
20%
White Christmas 1954 7.5
20%
Ma-ma 1976 7.8
19%
All That Jazz 1979 7.8
18%
Robin Hood 1973 7.5
18%
tick, tick... BOOM! 2021 7.5
18%
Jesus Christ Superstar 1973 7.3
16%
Victor/Victoria 1995 7.7
16%
Victor/Victoria 1982 7.6
16%
The Blues Brothers 1980 7.9
15%
A Hard Day's Night 1964 7.6
14%
On the Town 1949 7.3
14%
Some Like It Hot 1959 8.2
14%
The Muppet Movie 1979 7.6
13%
Easter Parade 1948 7.3
12%
Ray 2004 7.7
12%
Le Bal 1983 7.7
11%
Show Boat 1936 7.4
11%
42nd Street 1933 7.3
10%
Corpse Bride 2005 7.3
9%
Once 2007 7.8
9%
The Umbrellas of Cherbourg 1964 7.8
9%
Sing Street 2016 7.9
8%
Billy Elliot 2014 8.4
7%
Holiday Inn 1942 7.4
7%
Labyrinth 1986 7.3
7%
Premam 2015 8.3
7%
Yellow Submarine 1968 7.4
7%
The Band Wagon 1953 7.4
6%
The Pianist 2002 8.5
6%
Yankee Doodle Dandy 1942 7.6
6%
Across the Universe 2007 7.3
5%
A Night at the Opera 1935 7.8
5%
Hedwig and the Angry Inch 2001 7.7
5%
Pink Floyd: The Wall 1982 8.0
5%
Scrooge 1970 7.5
5%
The Many Adventures of Winnie the Pooh 1977 7.5
5%
The Red Shoes 1948 8.1
5%
The Young Girls of Rochefort 1967 7.7
5%
Almost Famous 2000 7.9
4%
Carmen 1983 7.5
4%
Carmen 1984 7.4
4%
La Vie en Rose 2007 7.6
4%
Nashville 1975 7.7
4%
Phantom of the Paradise 1974 7.3
4%
Straight Outta Compton 2015 7.8
4%
Swing Time 1936 7.5
4%
The Muppet Christmas Carol 1992 7.7
4%
1776 1972 7.6
3%
Begin Again 2013 7.4
3%
Lagaan: Once Upon a Time in India 2001 8.1
3%
Monty Python's The Meaning of Life 1983 7.5
3%
Shall We Dance 1937 7.5
3%
Sing 2 2021 7.4
3%
The Chorus 2004 7.8
3%
The Commitments 1991 7.6
3%
The Gay Divorcee 1934 7.4
3%
Animal Crackers 1930 7.4
2%
Come from Away 2021 8.5
2%
Company 2011 7.7
2%
Dancer in the Dark 2000 7.9
2%
Duck Soup 1933 7.8
2%
Love & Mercy 2014 7.4
2%
Shine 1996 7.7
2%
Topsy-Turvy 1999 7.3
2%
A Day at the Races 1937 7.5
1%
Assa 1987 7.7
1%
Broadway Melody of 1940 1940 7.3
1%
Devdas 2002 7.5
1%
French Cancan 1955 7.3
1%
Gold Diggers of 1933 1933 7.7
1%
Inside Llewyn Davis 2013 7.4
1%
Le Million 1931 7.4
1%
Les Uns et les Autres 1981 7.3
1%
Phineas and Ferb: Across the 2nd Dimension 2011 7.4
1%
Rockstar 2011 7.7
1%
Rudolph the Red-Nosed Reindeer 1964 8.1
1%
South Park: Bigger, Longer & Uncut 1999 7.7
1%
Steven Universe: The Movie 2019 7.7
1%
The Court Jester 1955 7.8
1%
The Hole 1998 7.5
1%
The Magic Flute 1975 7.5
1%
The Rutles: All You Need Is Cash 1978 7.3
1%
The Wind in the Willows 1983 7.6
1%
6.9 on the Richter Scale 2016 7.4
0%
A Boy Named Charlie Brown 1969 7.3
0%
A Canção de Lisboa 1933 7.7
0%
Alai Payuthey 2000 8.3
0%
Allegro Non Troppo 1976 7.4
0%
A Man from the Boulevard des Capucines 1987 7.7
0%
Amen 2013 7.8
0%
Anand 2004 7.9
0%
Annamayya 1997 8.0
0%
An Ordinary Miracle 1979 8.1
0%
À Nous la Liberté 1931 7.4
0%
Arya 2004 7.8
0%
As It Is in Heaven 2004 7.5
0%
Atkan Chatkan 2020 7.7
0%
August Rush 2007 7.4
0%
Awaara 1951 7.8
0%
A Woman Is a Woman 1961 7.4
0%
Bajrangi Bhaijaan 2015 8.1
0%
Bharatham 1991 8.4
0%
Black Cat, White Cat 1998 8.0
0%
Black Orpheus 1959 7.4
0%
Blood Wedding 1981 7.5
0%
Bommarillu 2006 8.2
0%
Carnival in Moscow 1956 7.5
0%
Chithram 1988 8.7
0%
Crying... Silicon Tears 2001 7.5
0%
Devadoothan 2000 7.6
0%
Dilwale Dulhania Le Jayenge 1995 8.0
0%
Don Giovanni 1979 7.6
0%
Emmet Otter's Jug-Band Christmas 1977 8.2
0%
Footlight Parade 1933 7.5
0%
Grease Live! 2016 7.3
0%
Gully Boy 2019 7.9
0%
Hello, I'm Your Aunt! 1975 7.5
0%
Hellzapoppin' 1941 7.4
0%
Here Comes Peter Cottontail 1971 7.4
0%
His Highness Abdullah 1990 7.9
0%
Hold That Ghost 1941 7.3
0%
Hridayam 2022 8.1
0%
Hum Aapke Hain Koun...! 1994 7.5
0%
Hum Dil De Chuke Sanam 1999 7.4
0%
Hussar Ballad 1962 7.4
0%
Immortal Beloved 1994 7.4
0%
I'm No Longer Here 2019 7.3
0%
Innocent Sorcerers 1960 7.3
0%
Interstella 5555: The 5tory of the 5ecret 5tar 5ystem 2003 7.8
0%
Irma la Douce 1963 7.3
0%
It Started with Eve 1941 7.6
0%
Jesus Christ Superstar Live in Concert 2018 7.7
0%
Jodhaa Akbar 2008 7.5
0%
Kabhi Khushi Kabhie Gham... 2001 7.4
0%
Kandukondain Kandukondain 2000 7.6
0%
Kannathil Muthamittal 2002 8.4
0%
Katyar Kaljat Ghusali 2015 8.8
0%
Khamoshi: The Musical 1996 7.5
0%
La Traviata 1982 7.7
0%
Lemonade Joe 1964 7.4
0%
Life Is a Miracle 2004 7.5
0%
Lili 1953 7.3
0%
Linda Linda Linda 2005 7.5
0%
Love Me Tonight 1932 7.6
0%
Madhumati 1958 7.8
0%
Madras Beats 2018 7.5
0%
MalliRaava 2017 7.9
0%
Mary Poppins, Goodbye 1984 7.5
0%
Memories of Matsuko 2006 7.8
0%
Metalocalypse: The Doomstar Requiem - A Klok Opera 2013 8.0
0%
Moner Manush 2010 7.9
0%
Muhsin Bey 1987 8.5
0%
Mungaru Male 2006 8.4
0%
Naya Daur 1957 7.8
0%
Ninaithen Vandhai 1998 7.9
0%
OK Kanmani 2015 7.4
0%
Only Old Men Are Going to Battle 1974 8.3
0%
Open Tee Bioscope 2015 7.7
0%
PK 2014 8.1
0%
Playing for Time 1980 7.3
0%
Qayamat Se Qayamat Tak 1988 7.4
0%
Queen of the Gypsies 1976 7.4
0%
Rigoletto 1993 7.6
0%
Rock On!! 2008 7.7
0%
Rok Dábla 2002 7.3
0%
Rudderless 2014 7.4
0%
Rudra Veena 1988 8.6
0%
Sagara Sangamam 1983 8.8
0%
Same Old Song 1997 7.3
0%
Sanam Teri Kasam 2016 7.5
0%
Sankarabharanam 1980 8.8
0%
Santhosh Subramaniyam 2008 7.4
0%
Secret 2007 7.5
0%
Secret Superstar 2017 7.8
0%
Seopyeonje 1993 7.6
0%
Sita Sings the Blues 2008 7.6
0%
Snoopy Come Home 1972 7.4
0%
Stormy Weather 1943 7.3
0%
Swing Kids 2018 7.4
0%
Taking Off 1971 7.4
0%
Tamasha 2015 7.3
0%
The Adventures of Buratino 1976 7.6
0%
The Blue Angel 1930 7.7
0%
The Brave Little Toaster 1987 7.3
0%
The Cat Came Back 1988 7.4
0%
The Country Girl 1954 7.3
0%
The Courtyards of the Ballads 1942 7.8
0%
The Crazy Stranger 1997 7.6
0%
The Dance of Reality 2013 7.5
0%
The Elm-Chanted Forest 1986 8.0
0%
The Five Heartbeats 1991 7.5
0%
The Threepenny Opera 1931 7.3
0%
The Treasure of Swamp Castle 1985 7.9
0%
The Year Without a Santa Claus 1974 7.8
0%
Thoovanathumbikal 1987 8.6
0%
Thulladha Manamum Thullum 1999 8.3
0%
Tous les Matins du Monde 1991 7.5
0%
Ustad Hotel 2012 8.2
0%
Veer-Zaara 2004 7.8
0%
Virasat 1997 7.4
0%
Way Out West 1937 7.6
0%
Wedding in Malinovka 1967 7.4
0%
Where's Firuze? 2004 7.4
0%
Whisper of the Heart 1995 7.9
0%
Yellow Flowers on the Green Grass 2015 7.4
0%
No matching quizzes found
Score Distribution
Percent of People with Each Score
Percentile by Number Answered
Your Score History
You have not taken this quiz